<?xml version="1.0" encoding="UTF-8"?><?xml-stylesheet type="text/xsl" href="static/style.xsl"?><OAI-PMH xmlns="http://www.openarchives.org/OAI/2.0/" xmlns:xsi="http://www.w3.org/2001/XMLSchema-instance" xsi:schemaLocation="http://www.openarchives.org/OAI/2.0/ http://www.openarchives.org/OAI/2.0/OAI-PMH.xsd"><responseDate>2026-04-28T21:21:48Z</responseDate><request verb="GetRecord" identifier="oai:uvadoc.uva.es:10324/8253" metadataPrefix="marc">https://uvadoc.uva.es/oai/request</request><GetRecord><record><header><identifier>oai:uvadoc.uva.es:10324/8253</identifier><datestamp>2021-06-29T10:32:15Z</datestamp><setSpec>com_10324_38</setSpec><setSpec>col_10324_852</setSpec></header><metadata><record xmlns="http://www.loc.gov/MARC21/slim" xmlns:doc="http://www.lyncode.com/xoai" xmlns:xsi="http://www.w3.org/2001/XMLSchema-instance" xmlns:dcterms="http://purl.org/dc/terms/" xsi:schemaLocation="http://www.loc.gov/MARC21/slim http://www.loc.gov/standards/marcxml/schema/MARC21slim.xsd">
<leader>00925njm 22002777a 4500</leader>
<datafield tag="042" ind1=" " ind2=" ">
<subfield code="a">dc</subfield>
</datafield>
<datafield tag="720" ind1=" " ind2=" ">
<subfield code="a">Velasco Rodríguez, Miguel Nicolás</subfield>
<subfield code="e">author</subfield>
</datafield>
<datafield tag="260" ind1=" " ind2=" ">
<subfield code="c">2014</subfield>
</datafield>
<datafield tag="520" ind1=" " ind2=" ">
<subfield code="a">El trabajo se basa en el análisis de películas deportivas, siendo utilizadas como la base principal de obtención de la información sobre el tema: La reinserción de los jóvenes marginales. &#xd;
A través del estudio de tres largometrajes, estudios y teorías existentes se busca obtener datos que clarifiquen si existe una relación entre la práctica deportiva y los beneficios que puede tener en la reinserción de los jóvenes marginales.</subfield>
</datafield>
<datafield tag="024" ind2=" " ind1="8">
<subfield code="a">http://uvadoc.uva.es/handle/10324/8253</subfield>
</datafield>
<datafield ind1=" " ind2=" " tag="653">
<subfield code="a">Jóvenes - integración social</subfield>
</datafield>
<datafield ind1=" " ind2=" " tag="653">
<subfield code="a">Deportes en el cine</subfield>
</datafield>
<datafield ind1=" " ind2=" " tag="653">
<subfield code="a">Deportes - Aspecto psicológico</subfield>
</datafield>
<datafield ind1=" " ind2=" " tag="653">
<subfield code="a">Jóvenes marginados sociales</subfield>
</datafield>
<datafield tag="245" ind1="0" ind2="0">
<subfield code="a">Cine y deporte: reinserción de jóvenes marginales</subfield>
</datafield>
</record></metadata></record></GetRecord></OAI-PMH>